000 00772nam a2200229 a 4500
001 44896
003 BD-RjUL
005 20211209053932.0
008 160720r19521938ii ||||| |||| 00| 0 ben d
035 _a(BD-RjUL)45014
040 _aBD-RjUL
_bben
_cBD-RjUL
_dBD-RjUL
041 _aben
082 _223
_a398.2
_bTHL 1952
100 _aঠাকুর, রবীন্দ্রনাথ
_9137562
245 1 0 _aলোকসাহিত্য /
_cরবীন্দ্রনাথ ঠাকুর
250 _aসং.
260 _aকলিকাতা :
_bবিশ্বভারতী,
_c১৯৫২
300 _a১২৬ পৃ. ;
_c২১ সেমি.
650 _aলোকসাহিত্য
_9137563
650 _aFolk literature
_9137564
942 _2ddc
_cBK
999 _c44896
_d44896